<?xml version="1.0" encoding="UTF-8"?>
<record
    xmlns:xsi="http://www.w3.org/2001/XMLSchema-instance"
    xsi:schemaLocation="http://www.loc.gov/MARC21/slim http://www.loc.gov/standards/marcxml/schema/MARC21slim.xsd"
    xmlns="http://www.loc.gov/MARC21/slim">

  <leader>01103nam a22002417a 4500</leader>
  <controlfield tag="003">DO-SdBNP</controlfield>
  <controlfield tag="005">20220705135215.0</controlfield>
  <controlfield tag="007">ta</controlfield>
  <controlfield tag="008">220705b1993    |||||||| |||| 001 0 spa d</controlfield>
  <datafield tag="040" ind1=" " ind2=" ">
    <subfield code="a">DO-SdBNP</subfield>
    <subfield code="b">spa</subfield>
    <subfield code="c">BNPHU</subfield>
  </datafield>
  <datafield tag="082" ind1="4" ind2=" ">
    <subfield code="2">22</subfield>
    <subfield code="a">264.2</subfield>
    <subfield code="b">C229c</subfield>
  </datafield>
  <datafield tag="111" ind1=" " ind2=" ">
    <subfield code="a">Conferencia Dominicana de Religiosos (CONDOR)</subfield>
    <subfield code="c">Santo Domingo )</subfield>
    <subfield code="d">(25 de marzo 1993 :</subfield>
    <subfield code="j">Festividad de la anunciaci&#xF3;n de la Virgen Mar&#xED;a</subfield>
    <subfield code="9">81935</subfield>
  </datafield>
  <datafield tag="245" ind1="1" ind2="0">
    <subfield code="a">Cantemos nuestra fe : </subfield>
    <subfield code="b">cantos para la celebraci&#xF3;n lit&#xFA;rgica y la vida cristiana / </subfield>
    <subfield code="c">Presentaci&#xF3;n de Jes&#xFA;s Mar&#xED;a de Jes&#xFA;s Moya, Obispo de San Francisco de Macor&#xED;s ; ilustraci&#xF3;n de Angel Su&#xE1;rez</subfield>
  </datafield>
  <datafield tag="260" ind1=" " ind2=" ">
    <subfield code="a">Santo Domingo :</subfield>
    <subfield code="b">CONDOR;</subfield>
    <subfield code="c">1993.</subfield>
  </datafield>
  <datafield tag="300" ind1=" " ind2=" ">
    <subfield code="a">209 p. : </subfield>
    <subfield code="b">il.; </subfield>
    <subfield code="c">22 cm</subfield>
  </datafield>
  <datafield tag="590" ind1=" " ind2=" ">
    <subfield code="a">Inventariado, 2022 / SA</subfield>
  </datafield>
  <datafield tag="650" ind1="4" ind2="0">
    <subfield code="9">10989</subfield>
    <subfield code="a">Eucarist&#xED;a Liturgia</subfield>
    <subfield code="z">Rep&#xFA;blica Dominicana</subfield>
  </datafield>
  <datafield tag="650" ind1="4" ind2="0">
    <subfield code="a">Cancionero</subfield>
    <subfield code="x">liturgico</subfield>
    <subfield code="z">Rep&#xFA;blica Dominicana</subfield>
    <subfield code="9">81940</subfield>
  </datafield>
  <datafield tag="650" ind1="4" ind2="0">
    <subfield code="9">10989</subfield>
    <subfield code="a">Eucarist&#xED;a </subfield>
    <subfield code="x">Culto P&#xFA;blico</subfield>
    <subfield code="z">Rep&#xFA;blica Dominicana</subfield>
  </datafield>
  <datafield tag="700" ind1="1" ind2=" ">
    <subfield code="a">Jes&#xFA;s Moya, Jes&#xFA;s Mar&#xED;a de</subfield>
    <subfield code="e">presentaci&#xF3;n</subfield>
    <subfield code="9">81937</subfield>
  </datafield>
  <datafield tag="700" ind1="1" ind2=" ">
    <subfield code="a">Suarez, Angel </subfield>
    <subfield code="e">ilustraci&#xF3;n</subfield>
    <subfield code="9">81938</subfield>
  </datafield>
  <datafield tag="942" ind1=" " ind2=" ">
    <subfield code="2">ddc</subfield>
    <subfield code="c">LBS1</subfield>
  </datafield>
  <datafield tag="952" ind1=" " ind2=" ">
    <subfield code="0">0</subfield>
    <subfield code="1">0</subfield>
    <subfield code="2">ddc</subfield>
    <subfield code="5">1</subfield>
    <subfield code="7">0</subfield>
    <subfield code="8">PD</subfield>
    <subfield code="a">BNPHU</subfield>
    <subfield code="b">BNPHU</subfield>
    <subfield code="c">CT</subfield>
    <subfield code="d">2018-02-19</subfield>
    <subfield code="e">Donado</subfield>
    <subfield code="o">BNPHU PD 264.2  C229c</subfield>
    <subfield code="p">2022-3319</subfield>
    <subfield code="r">2022-07-05</subfield>
    <subfield code="w">2022-07-05</subfield>
    <subfield code="y">LBS1</subfield>
  </datafield>
  <datafield tag="999" ind1=" " ind2=" ">
    <subfield code="c">52141</subfield>
    <subfield code="d">52141</subfield>
  </datafield>
</record>
